| 000 | 00702nam a2200193Ii 4500 | ||
|---|---|---|---|
| 003 | JO-AjNU | ||
| 008 | 230605s9999||||xx |||||||||||||| ||und|| | ||
| 040 |
_aJO-AjNU _bara _erda _cJO-AjNU |
||
| 041 | _aara | ||
| 050 | 1 | 4 | _aHG173.6 |
| 100 | 3 |
_aالحسناوي، سالم صلال راهي, _eauthor _963923 |
|
| 245 | 0 | 0 | _aالاستثمار والتمويل في الأسواق المالية |
| 264 | 3 | 1 | _aالعراق: مؤسسة دار الصادق الثقافية، 2019 |
| 300 | _a232ص | ||
| 336 |
_atext _btxt _2rdacontent |
||
| 337 |
_aunmediated _bn _2rdamedia |
||
| 338 |
_avolume _bnc _2rdacarrier |
||
| 650 | 4 |
_aالاستثمار-الاوراق المالية-البورصات _963924 |
|
| 999 |
_aA29020 _c32588 _d32588 |
||